000 013010000a22003370004500
003 EG-GICUC
005 20250223031656.0
008 070224s2004 ua de f m 000 0 eng d
040 _aEG-GICUC
_beng
_cEG-GICUC
041 0 _aEng
049 _aDeposite
097 _aM.Sc
099 _aCai01.13.04.M.Sc.2004.He.E
100 0 _aHeba Abdallah Mohammed Abdallah
245 1 0 _aEvaluation of the internal cement mortar lining of ductile cast iron pipes /
_cHeba Abdallah Mohammed Abdallah ; Supervised Magdi Fouaad Abadir , Soliman Ali Elhemaly
246 1 5 _aتقييم البطانة الاسمنتية الداخلية لمواسير الزهر المرن
260 _aCairo :
_bHeba Abdallah Mohammed Abdallah ,
_c2004
300 _a93P :
_bcharts , plans ;
_c30cm
502 _aThesis (M.Sc.) - Cairo University - Faculty Of Engineering - Department Of Chemical Engineering
530 _aIssued also as CD
653 4 _aChemical Engineering
653 4 _aDuctile cast iron pipes
653 4 _aEvaluation
653 4 _aInternal cement mortar lining
700 0 _aMagdi Fouaad Abadir ,
_eSupervisor
700 0 _aSoliman Ali Elhemaly ,
_eSupervisor
856 _uhttp://172.23.153.220/th.pdf
905 _aEnas
_ecataloger
905 _aMustafa
_eRevisor
942 _2ddc
_cTH
999 _c60045
_d60045